000 00757nam a2200217Ia 4500
003 GCL
008 140319s9999 xx 000 0 ara d
040 _aGCL /
_cGCL
082 0 4 _a301.36
_bا ب
100 1 _aادارة الشئون الاجتماعيةوالشباب
245 1 0 _aالنمو الحضرى فى الوطن العربى /
_cادارة الشئون الاجتماعيةوالشباب
300 _a597 ص
490 _aالهيئة العامة للاستعلامات
_v0
650 0 4 _aالمدن
650 0 4 _aتخطيط المدن
650 0 4 _aالتطور الاجتماعى
650 0 4 _aالاجتماع الحضرى
650 0 4 _aالمشكلة السكانية
650 0 4 _aالتعليم - مشكلات
942 _2ddc
_cBK
999 _c50634
_d50634